Organisation juridictionnelle française sur un organigramme. - Statistiques

Statistiques générales
  • Ce quiz a été pris 22 fois
  • Le résultat moyen est 8 sur 15
Réponses sur la Carte
Les réponses sont colorées sur une échelle allant du rouge au vert en fonction du pourcentage des utilisateurs qui les ont devinées à leur premier essai. Vous pouvez retrouver ces pourcentages ci-dessous.
 
Statistiques - réponses
Réponse % Correct
Conseil d'État
82%
Cour de Cassation
82%
Conseil constitutionnel
76%
Cour d'appel
76%
Cour d'appel
76%
Tribunal administratif
65%
Cour d'assise
59%
Tribunal judiciaire
59%
Tribunal de commerce
53%
Conseil des Prud'hommes
47%
Cour administrative d'appel
29%
Tribunal correctionnel
29%
Tribunal de police
29%
Tribunal des conflits
29%
Cour d'assise d'appel
18%
Aucun quiz correspondant
Distribution des résultats
% des personnes avec chaque résultat
Percentile par nombre de réponses
Votre historique - résultats
Vous n’avez pas pris ce quiz